Statystyki dla Państwa wysunięte najbardziej na północ A-Z

Kliknij tutaj aby rozwiązać quiz!

Ogólne statystyki

  • Ten quiz został rozwiązany 9,213 razy
  • Średni wynik to 18 z 24

Statystyki odpowiedzi

Litera Kraj % Correct
RRosja
97%
KKanada
94%
NNorwegia
93%
DDania
92%
FFinlandia
92%
PPolska
91%
SStany Zjednoczone
89%
ŁŁotwa
88%
LLitwa
86%
EEstonia
86%
IIslandia
79%
JJaponia
77%
OOman
76%
HHolandia
73%
CChiny
70%
WWielka Brytania
70%
MMongolia
65%
BBiałoruś
60%
GGruzja
57%
UUkraina
57%
VVanuatu
48%
AAustria
47%
TTurkmenistan
46%
ZZjednoczone Emiraty Arabskie
42%

Rozkład punktacji

Percentyl według liczby udzielonych odpowiedzi

Procent ludzi z każdym wynikiem

Twoja historia wyników

Nie rozwiązałeś tego quizu